| 000 | 00983nam a2200373 a 4500 | ||
|---|---|---|---|
| 003 | AR-BaBNM | ||
| 005 | 20251128204518.0 | ||
| 008 | 082120s2002 ||||||||||||||000 | spa|| | ||
| 020 | _a84-206-9625-0 | ||
| 040 | _cAR-BaBNM | ||
| 245 | 0 | 0 | _aLa mujer medieval |
| 260 |
_aMadrid _bAlianza Editorial _c1989 |
||
| 300 |
_a226 p. _bil. |
||
| 504 | _aBibliografia al final de cada capítulo | ||
| 650 | 4 | _aHISTORIA | |
| 650 | 4 | _aCOSTUMBRES | |
| 650 | 4 | _aPENSAMIENTO | |
| 650 | 4 | _aESTILOS DE VIDA | |
| 650 | 4 | _aVIDA COTIDIANA | |
| 650 | 4 | _aHISTORIA MEDIEVAL | |
| 650 | 4 | _aEDAD MEDIA | |
| 650 | 4 | _aMUJERES | |
| 650 | 4 | _aMADRES | |
| 650 | 4 | _aMUJERES ESTUDIANTES | |
| 650 | 4 | _aPERSONAS RELIGIOSAS | |
| 700 | 1 | _aBertini, Ferruccio | |
| 700 | 1 | _aCardini, Franco | |
| 700 | 1 | _aFumagalli Beonio Brocchieri, M.T. | |
| 700 | 1 | _aLeonardi, C. | |
| 700 | 1 |
_aBertini, Ferruccio _eeditor |
|
| 700 | 1 |
_aGarcía Galán, Margarita _etraductor |
|
| 942 | _cBK | ||
| 998 | _cMarce | ||
| 999 |
_c7720 _d7720 |
||